Recursive macroeconomic theory
Uložené v:
| Hlavný autor: | |
|---|---|
| Ďalší autori: | |
| Médium: | Kniha |
| Jazyk: | English |
| Vydavateľské údaje: |
Cambridge
The MIT Press
2004
|
| Vydanie: | 2. ed. |
| Edícia: | Social sciences
|
| Predmet: | |
| Tagy: |
Žiadne tagy, Buďte prvý, kto otaguje tento záznam!
|
MARC
| LEADER | 00000nam$a2200000$$$4500 | ||
|---|---|---|---|
| 001 | 0059996 | ||
| 005 | 20240306135324.6 | ||
| 020 | |a 0-262-12274-X | ||
| 041 | 0 | |a eng | |
| 044 | |a US | ||
| 245 | 1 | 0 | |a Recursive macroeconomic theory |c Lars Ljungqvist, Thomas J. Sargent |
| 250 | |a 2. ed. | ||
| 264 | 1 | |a Cambridge |b The MIT Press |c 2004 | |
| 300 | |a 1082 s. | ||
| 490 | 1 | |a Social sciences | |
| 830 | 0 | |a Social sciences | |
| 610 | 2 | 0 | |a makroekonomika |
| 610 | 2 | 0 | |a teórie ekonomické |
| 610 | 2 | 0 | |a imperializmus |
| 610 | 2 | 0 | |a rady časové |
| 610 | 2 | 0 | |a programovanie dynamické |
| 610 | 2 | 0 | |a programovanie lineárne |
| 610 | 2 | 0 | |a nezamestnanosť |
| 610 | 2 | 0 | |a rovnováha |
| 610 | 2 | 0 | |a modely |
| 610 | 2 | 0 | |a politika fiškálna |
| 610 | 2 | 0 | |a modely rastu |
| 610 | 2 | 0 | |a oceňovanie |
| 610 | 2 | 0 | |a rast hospodársky |
| 610 | 2 | 0 | |a zdaňovanie |
| 610 | 2 | 0 | |a úspory |
| 610 | 2 | 0 | |a obchod medzinárodný |
| 610 | 2 | 0 | |a teória peňažná |
| 610 | 2 | 0 | |a úver |
| 610 | 2 | 0 | |a mena |
| 610 | 2 | 0 | |a analýzy |
| 610 | 2 | 0 | |a modelovanie |
| 100 | 1 | |a Ljungqvist, Lars | |
| 700 | 1 | |a Sargent, Thomas J. | |